[Event "74th ch-ITA 2014"]
[Site "Boscotrecase ITA"]
[Date "2014.11.24"]
[Round "2.2"]
[White "Godena, Michele"]
[Black "Contin, Daniel"]
[Result "1-0"]
[WhiteTitle "GM"]
[BlackTitle "IM"]
[WhiteElo "2495"]
[BlackElo "2327"]
[WhiteFideId "800090"]
[BlackFideId "803618"]
[EventDate "2014.11.23"]

1. e4 e6 2. d4 d5 3. Nd2 c5 4. Ngf3 Nc6 5. exd5 exd5 6. Bb5 cxd4 7. Nxd4 Qb6 8.
N2f3 Bd6 9. Be3 Qa5+ 10. c3 Ne7 11. O-O a6 12. Bd3 Bg4 13. h3 Bh5 14. Re1 Ne5
15. Be2 Nxf3+ 16. Bxf3 Bxf3 17. Qxf3 O-O 18. Bf4 Qc7 19. Bxd6 Qxd6 20. Rad1 Rac8
21. Re2 g6 22. Nc2 Rfd8 23. Ne3 Rc5 24. Red2 b5 25. Rd3 a5 26. b4 axb4 27. cxb4
Rcc8 28. Nxd5 Nxd5 29. Rxd5 Qb8 30. Rxd8+ Rxd8 31. Rxd8+ Qxd8 32. a3 Qd4 33. g3
h5 34. h4 Kg7 35. Kg2 Qa7 36. Qc3+ Kg8 37. Qc8+ Kg7 38. Qc3+ Kg8 39. Qc6 Qa4 40.
Qe8+ Kg7 41. Qe5+ Kg8 42. Qd5 Kg7 43. Qd4+ Kg8 44. Qd8+ Kg7 45. Qa5 Qb3 46. Qxb5
Qxa3 47. Qb7 Qb3 48. b5 Kh6 49. b6 Qb5 50. Qa8 Kg7 51. b7 Qd5+ 52. Kh2 Qf3 53.
Qa1+ Kh7 54. Qb2 f6 55. b8=Q g5 56. Qc2+ 1-0

[Event "74th ch-ITA 2014"]
[Site "Boscotrecase ITA"]
[Date "2014.11.28"]
[Round "6.1"]
[White "Altini, Nicola"]
[Black "Rombaldoni, Denis"]
[Result "1/2-1/2"]
[WhiteTitle "FM"]
[BlackTitle "IM"]
[WhiteElo "2394"]
[BlackElo "2480"]
[WhiteFideId "833924"]
[BlackFideId "813575"]
[EventDate "2014.11.23"]

1. d4 Nf6 2. c4 e6 3. Nc3 Bb4 4. e3 c5 5. Ne2 d6 6. dxc5 dxc5 7. Qxd8+ Kxd8 8.
Bd2 Nc6 9. Nf4 Ba5 10. Nd3 Nd7 11. a3 a6 12. Rb1 Bc7 13. b4 cxb4 14. axb4 f5 15.
Be2 Ke7 16. O-O Rd8 17. f4 Nb6 18. c5 Nc4 19. Bc1 b5 20. cxb6 Bxb6 21. Nc5 Nd2
22. Bxd2 Rxd2 23. Bf3 Nxb4 24. Bxa8 Bxc5 25. Nd1 Bd7 26. Rf2 Rd6 27. Bf3 a5 28.
Ra1 a4 29. h3 Ra6 30. Rd2 Ra5 31. Kf2 a3 32. Nc3 a2 33. Nxa2 Ra3 34. Nxb4 Rxa1
35. Nc6+ Bxc6 36. Bxc6 Ra3 37. Re2 h6 38. g3 g5 39. h4 Kf6 40. hxg5+ hxg5 41.
fxg5+ Kxg5 42. Kf3 e5 43. Bb7 Rc3 44. Bd5 Ba7 45. Bb7 e4+ 46. Bxe4 fxe4+ 47.
Kxe4 Kg4 48. Ra2 Rxe3+ 49. Kd5 Bb8 50. Ra4+ Kxg3 51. Re4 Ra3 52. Rb4 Bf4 53. Ke4
Re3+ 54. Kd4 Re8 55. Rb7 Kf3 56. Rb3+ Be3+ 57. Kd5 Rh8 58. Rb4 Rh5+ 59. Ke6 Bf4
60. Rb3+ Kg4 61. Rb1 Re5+ 62. Kd7 Kf5 63. Rf1 Rc5 64. Rf2 Rc7+ 65. Kd8 Rh7 66.
Rf1 Ke4 67. Rd1 Be5 68. Kc8 Rc7+ 69. Kd8 Kf5 70. Rd7 Rc6 71. Ke7 Rh6 72. Kf7 Bd6
73. Kg7 Rg6+ 74. Kf7 Rf6+ 75. Kg7 Bf8+ 76. Kg8 Ke6 77. Rb7 Rf1 78. Rb6+ Bd6 79.
Kg7 Rg1+ 80. Kh6 Ke5 81. Kh7 Be7 82. Rg6 Rb1 83. Rg2 Bf6 84. Kg6 Ke6 85. Re2+
Be5 86. Rg2 Rb8 87. Rg4 Rf8 88. Rg5 Bf6 89. Rg4 Ke5 90. Kh5 Rb8 91. Kg6 Rh8 92.
Ra4 Rg8+ 93. Kh5 Kf5 94. Ra5+ Be5 95. Ra6 Rb8 96. Rc6 Bd4 97. Ra6 Bc3 98. Kh4
Be5 99. Kh5 Rb4 100. Rc6 Rb3 1/2-1/2

[Event "74th ch-ITA 2014"]
[Site "Boscotrecase ITA"]
[Date "2014.11.28"]
[Round "6.2"]
[White "Godena, Michele"]
[Black "Gilevych, Artem"]
[Result "1/2-1/2"]
[WhiteTitle "GM"]
[BlackTitle "FM"]
[WhiteElo "2495"]
[BlackElo "2396"]
[WhiteFideId "800090"]
[BlackFideId "14121379"]
[EventDate "2014.11.23"]

1. e4 e6 2. d4 d5 3. Nd2 c5 4. exd5 exd5 5. Ngf3 Nc6 6. Bb5 Bd6 7. dxc5 Bxc5 8.
O-O Ne7 9. Nb3 Bd6 10. h3 O-O 11. Bd3 h6 12. Be3 Nf5 13. Bc5 Bxc5 14. Nxc5 Qb6
15. Nb3 a5 16. a4 Re8 17. Qd2 Ng3 18. Rfe1 Ne4 19. Qe3 Qb4 20. Qc5 Qxc5 21. Nxc5
Bxh3 22. Nxe4 dxe4 23. Rxe4 Be6 24. Bb5 Red8 25. c3 1/2-1/2

[Event "74th ch-ITA 2014"]
[Site "Boscotrecase ITA"]
[Date "2014.12.01"]
[Round "8.2"]
[White "Brunello, Sabino"]
[Black "Bellia, Fabrizio"]
[Result "1/2-1/2"]
[WhiteTitle "GM"]
[BlackTitle "IM"]
[WhiteElo "2568"]
[BlackElo "2415"]
[WhiteFideId "813613"]
[BlackFideId "800511"]
[EventDate "2014.11.23"]

1. d4 Nf6 2. c4 e6 3. Nc3 Bb4 4. e3 O-O 5. Ne2 d5 6. a3 Be7 7. cxd5 exd5 8. Nf4
Re8 9. Bd3 Bd6 10. O-O Bxf4 11. exf4 Nc6 12. Bc2 Ne7 13. f3 h5 14. Re1 Bf5 15.
Be3 Bxc2 16. Qxc2 Qd7 17. Bf2 Nc6 18. Qd3 a6 19. h3 Rxe1+ 20. Rxe1 Re8 21. Rxe8+
Nxe8 22. g4 f5 23. g5 1/2-1/2

[Event "74th ch-ITA 2014"]
[Site "Boscotrecase ITA"]
[Date "2014.12.01"]
[Round "8.3"]
[White "Godena, Michele"]
[Black "Rombaldoni, Denis"]
[Result "1/2-1/2"]
[WhiteTitle "GM"]
[BlackTitle "IM"]
[WhiteElo "2495"]
[BlackElo "2480"]
[WhiteFideId "800090"]
[BlackFideId "813575"]
[EventDate "2014.11.23"]

1. e4 c5 2. Nf3 d6 3. Bb5+ Nd7 4. c3 Nf6 5. Qe2 a6 6. Ba4 e5 7. d4 b5 8. Bc2 Be7
9. a4 Bb7 10. O-O O-O 11. Rd1 Qc7 12. dxe5 dxe5 13. Na3 Bc6 14. c4 b4 15. Nb1
Rfd8 16. b3 Nf8 17. Rxd8 Rxd8 18. Bb2 Bd6 19. Nbd2 Ne6 20. Re1 Re8 21. Nf1 g6
22. N3d2 Nd4 23. Qd1 Qb7 24. Ne3 Kg7 25. Nd5 Bd7 26. Bd3 1/2-1/2

[Event "74th ch-ITA 2014"]
[Site "Boscotrecase ITA"]
[Date "2014.12.04"]
[Round "11.6"]
[White "Altini, Nicola"]
[Black "Contin, Daniel"]
[Result "1-0"]
[WhiteTitle "FM"]
[BlackTitle "IM"]
[WhiteElo "2394"]
[BlackElo "2327"]
[WhiteFideId "833924"]
[BlackFideId "803618"]
[EventDate "2014.11.23"]

1. d4 Nf6 2. c4 e6 3. Nc3 Bb4 4. e3 c5 5. Ne2 cxd4 6. exd4 d5 7. a3 Bxc3+ 8.
Nxc3 dxc4 9. Bxc4 Nc6 10. Be3 O-O 11. O-O Ne7 12. Qf3 Qa5 13. Rac1 Bd7 14. Ne4
Nxe4 15. Qxe4 Bc6 16. Qe5 Qxe5 17. dxe5 Nf5 18. Bc5 Rfd8 19. Rfd1 Rdc8 20. Ba2
b6 21. Bb4 Ba4 22. Rxc8+ Rxc8 23. b3 Bb5 24. h3 a5 25. Be1 g5 26. a4 Be2 27. Rd2
Rc1 28. Rxe2 Nd4 29. Re4 Nc2 30. Kf1 Ra1 31. g4 h6 32. Re2 Nb4 33. Kg2 Nd5 34.
Kf1 Nc3 35. Rb2 Nxa2 36. Ke2 Nb4 37. Bxb4 axb4 38. Kd3 Re1 39. Re2 Rc1 40. Rc2
Rh1 41. Kc4 Rxh3 42. Kxb4 Rf3 43. Rb2 f5 44. exf6 Rxf6 45. Kb5 e5 46. b4 e4 47.
a5 bxa5 48. bxa5 Rf8 49. Kc5 Ra8 50. Ra2 h5 51. gxh5 Kg7 52. Kd4 Ra6 53. Kxe4
Kh6 54. Kf5 1-0